| 000 | 02815ngm a2200457 4500 | ||
|---|---|---|---|
| 003 | dpl | ||
| 005 | 20100319154457.0 | ||
| 007 | DVD | ||
| 008 | ||||||sp199 xxu|||||c ||| 00| 0 ng d | ||
| 010 | _aDVD-007054-7061 | ||
| 024 |
_c49.00 _aSHE 1427 F2 |
||
| 035 | _aDVD-007054-7061 | ||
| 040 |
_aDPL _cDPL |
||
| 082 | _aDVD CHHO | ||
| 245 |
_aHum Paanch _cSurinder Kapoors Presents _h[videorecording] VCD/ |
||
| 260 | _bShemaroo Home Entertainment | ||
| 300 |
_a2 videodisc VCD; _bsd., col. ; _c4 3/4 in. _fVCD |
||
| 440 | _aShemaroo Home Entertainment | ||
| 500 | _aMastered From The Original Film | ||
| 500 | _aThis Title in Completed with 2 Disc. Not to be sold individually. | ||
| 538 | _aDolby Digital 5.1 - Hindi Subtitles: English | ||
| 538 | _aNTSC Format-All Regions, 16x9 Anamorphic (2:23.1 Aspect Ratio), Dual Layer | ||
| 650 | _aMotion Picture | ||
| 700 | _aKapoor, Surinder | ||
| 700 | _aBapu | ||
| 700 | _aLaxmikant Pyarelal | ||
| 700 | _aSanjaeev Kumar | ||
| 700 | _aChakravorty, Mithun | ||
| 700 | _aShah, Naseeruddin | ||
| 700 | _aAzmi, Shabana | ||
| 942 |
_cCF _2ddc _hDVD _mHUMP |
||
| 999 |
_c34797 _d34797 |
||